Statistics for Wards of Ottawa

Click here to take the quiz!

General Stats

  • This quiz has been taken 3 times
  • The average score is 6 of 23

Answer Stats

Ward% Correct
Barrhaven
100%
Orléans
100%
Bay
33%
Capital
33%
Cumberland
33%
Gloucester-Southgate
33%
Gloucester-South Nepean
33%
Kanata North
33%
Kanata South
33%
Kitchissippi
33%
Osgoode
33%
River
33%
Stittsville
33%
West Carleton-March
33%
Alta Vista
0%
Beacon Hill-Cyrville
0%
College
0%
Innes
0%
Knoxdale-Merivale
0%
Rideau-Goulbournn
0%
Rideau-Rockcliffe
0%
Rideau-Vanier
0%
Somerset
0%

Score Distribution

Percentile by Number Answered

Percent of People with Each Score

Your Score History

You have not taken this quiz